Geografía íisica de la república argentina /
Guardado en:
| Autor Principal: | |
|---|---|
| Formato: | Libro |
| Publicado: |
Tres Arroyos :
Geogr fica,
1962
|
| Edición: | 2a. ed. |
| Etiquetas: |
Agregar Etiqueta
Sin Etiquetas, Sea el primero en etiquetar este registro!
|
| LEADER | 00452nam a22001575a 4500 | ||
|---|---|---|---|
| 001 | CEM.cems008750 | ||
| 005 | 20060214000000.0 | ||
| 008 | 130507s1962##################000#0#####d | ||
| 003 | CEMS | ||
| 082 | 0 | 4 | |a 918.2 |
| 100 | 1 | |a Dassis, Alberto A. | |
| 245 | 1 | 0 | |a Geografía íisica de la república argentina / |
| 250 | |a 2a. ed. | ||
| 260 | |a Tres Arroyos : |b Geogr fica, |c 1962 | ||
| 300 | |a 270 p.1 | ||
| 859 | |a CEMS |b BIB. CEMS - 11 de abril |h 918.2 |i D262a2/IV |p 10138.81 |t Ej.1 | ||
